000 00295nam a22001337a 4500
008 171129b xxu||||| |||| 00| 0 eng d
020 _a9780807762745
041 _aeng
080 _a316
100 _a50
101 _aSOC
245 _aWOMEN'S STUDIES GRADUATES
_cLUEBKE,B.F
942 _2udc
_cBK
999 _c38618
_d38618